000 nam a22 7a 4500
999 _c7494
_d7494
008 170913b xxu||||| |||| 00| 0 eng d
100 _aPearson
_94020
245 _aDecoding Lucknow
_bAn insightful handbook of lucknow consumers
260 _aLucknow
_bPearson publication